[Event "MSF Open 2014"]
[Site "Malmo"]
[Date "2014.12.13"]
[Round "3.11"]
[White "Karlsson, Viktor"]
[Black "Hallbeck, Johan"]
[Result "1-0"]
[WhiteElo "1400"]
[BlackElo "1475"]

1.e4 c5 2.Nf3 d6 3.d4 cxd4 4.Nxd4 Nf6 5.Nc3 e5 6.Nb3 Be6 7.Bd3 Be7 8.O-O 
O-O 9.Re1 Nc6 10.a3 d5 11.exd5 Nxd5 12.Nxd5 Bxd5 13.Bb5 a6 14.Bxc6 Bxc6 
15.Be3 Qxd1 16.Raxd1 Rfd8 17.Bc5 Bxc5 18.Nxc5 b6 19.Rxd8+ Rxd8 20.Nxa6 Rd2
21.Nb4 Bd7 22.h3 f6 23.Rc1 Bf5 24.Kf1 Be4 25.Ke1 Rd4 26.f3 Bf5 27.Rd1 Rc4 
28.c3 e4 29.g4 Bg6 30.Nd5 b5 31.Ne7+ Kf7 32.Nxg6 Kxg6 33.Rd4 Rxd4 34.cxd4 
exf3 35.Kf2 Kf7 36.Kxf3 Ke6 37.Ke4 g6 38.b3 f5+ 39.gxf5+ gxf5+ 40.Ke3 Kd5 
41.a4 f4+ 42.Kxf4 Kxd4 43.axb5 Kc5 44.Kg5 Kxb5 45.Kh6 Kb4 46.Kxh7 Kxb3 47.
Kg6 Kc4 48.h4 1-0

[Event "MSF Open 2014"]
[Site "Malmo"]
[Date "2014.12.13"]
[Round "3.12"]
[White "Sadiku, Lorik"]
[Black "Jonsson, Jacob"]
[Result "0-1"]
[WhiteElo "1398"]
[BlackElo "1444"]

1.e4 c5 2.Nf3 Nc6 3.Nc3 g6 4.d4 cxd4 5.Nxd4 Bg7 6.Be3 e6 7.Bb5 Nge7 8.O-O 
O-O 9.a3 a6 10.Bxc6 bxc6 11.Nce2 d5 12.exd5 cxd5 13.Rc1 Bb7 14.b4 Rc8 15.
c3 e5 16.Nb3 Nf5 17.Bc5 Re8 18.Na5 Ba8 19.Qd3 Rxc5 20.bxc5 Qxa5 21.c4 Qxc5
22.cxd5 Qxd5 23.Qxa6 Qxg2# 0-1

[Event "Malmo Open 2014"]
[Site "Malmo"]
[Date "2014.12.13"]
[Round "4.1"]
[White "Bellon Lopez, Juan Manuel"]
[Black "Tikkanen, Hans"]
[Result "1/2-1/2"]
[WhiteElo "2381"]
[BlackElo "2551"]

1.d4 e6 2.Nf3 Nf6 3.Bg5 h6 4.Bxf6 Qxf6 5.Nc3 d6 6.Qd2 g6 7.e4 Bg7 8.O-O-O 
Qe7 9.h4 a6 10.Qf4 b5 11.e5 Bb7 12.Ne4 Bxe4 13.Qxe4 d5 14.Qe3 Nd7 15.Ne1 
c5 16.f4 cxd4 17.Rxd4 h5 18.Kb1 Nb6 19.Rd2 Rb8 20.Nf3 Bf8 21.c3 Qc7 22.Nd4
Be7 23.Be2 Nc4 24.Bxc4 Qxc4 25.Qd3 Qxd3+ 26.Rxd3 Kd7 27.g3 b4 28.Rc1 Rhc8 
29.Nb3 bxc3 30.Rdxc3 Rxc3 31.Rxc3 Rc8 32.Kc2 Bb4 33.Rxc8 Kxc8 34.Kd1 Kb7 
35.a3 Be7 36.Ke2 Kb6 37.Kd3 Bd8 38.Nd4 Kb7 39.Nf3 Kc6 40.Nd4+ Kb7 41.Nf3 
Kc6 42.Nd4+ 1/2-1/2

[Event "Malmo Open 2014"]
[Site "Malmo"]
[Date "2014.12.13"]
[Round "4.2"]
[White "Hillarp Persson, Tiger"]
[Black "Ornstein, Axel"]
[Result "1-0"]
[WhiteElo "2544"]
[BlackElo "2329"]

1.d4 Nf6 2.c4 e6 3.Nc3 Bb4 4.Qc2 c5 5.dxc5 O-O 6.a3 Bxc5 7.Nf3 b6 8.e4 Ng4
9.b4 Bxf2+ 10.Ke2 Bh4 11.h3 Nh6 12.g4 f5 13.g5 fxe4 14.Nxh4 Nf5 15.Nxf5 
exf5 16.Nd5 Bb7 17.Bf4 d6 18.Rd1 1-0

[Event "Malmo Open 2014"]
[Site "Malmo"]
[Date "2014.12.13"]
[Round "4.3"]
[White "Kockum, Anton Frisk"]
[Black "Blomqvist, Erik"]
[Result "0-1"]
[WhiteElo "2362"]
[BlackElo "2525"]

1.e4 d6 2.d4 Nf6 3.Nc3 e5 4.dxe5 dxe5 5.Qxd8+ Kxd8 6.Bc4 Ke8 7.Nf3 Bd6 8.
Bg5 Nbd7 9.O-O-O a6 10.a4 h6 11.Bh4 Kf8 12.Rhe1 g6 13.Nd5 Kg7 14.c3 Nxd5 
15.Bxd5 Nb6 16.Bb3 a5 17.Bc2 Bg4 18.Rd3 Rhe8 19.Nd2 Be6 20.f3 Nd7 21.Bf2 
Bc5 22.Bg3 Bb6 23.Nf1 Nc5 24.Rdd1 f6 25.Ne3 c6 26.h4 Rad8 27.h5 Nb3+ 28.
Kb1 Bxe3 29.Rxe3 Rxd1+ 30.Bxd1 Nd2+ 31.Kc2 Nf1 32.Bf2 Nxe3+ 33.Bxe3 gxh5 
34.Bb6 Bc4 35.Kd2 Ra8 36.Ke3 Kg6 37.f4 exf4+ 38.Kxf4 Ra6 39.Bd8 b5 40.e5 
fxe5+ 41.Kxe5 Ra8 42.Bc2+ Kf7 43.Bb6 Re8+ 44.Kd6 Re2 45.Bf5 bxa4 46.Kxc6 
Rxb2 47.Bc5 Rxg2 48.Be4 Rg4 49.Bf3 Rg6+ 50.Kb7 h4 0-1

[Event "Malmo Open 2014"]
[Site "Malmo"]
[Date "2014.12.13"]
[Round "4.4"]
[White "Smith, Axel"]
[Black "Dragicevic, Drazen"]
[Result "1-0"]
[WhiteElo "2479"]
[BlackElo "2289"]

1.d4 Nf6 2.c4 g6 3.Nc3 d5 4.cxd5 Nxd5 5.Nf3 Bg7 6.Bg5 Nxc3 7.bxc3 c5 8.e3 
Nc6 9.Be2 O-O 10.O-O b6 11.Qa4 Bd7 12.Qa3 h6 13.Bh4 g5 14.Bg3 g4 15.Nd2 e5
16.dxe5 Nxe5 17.Rad1 Qc8 18.Nc4 Nxc4 19.Bxc4 Be6 20.Qb3 Bxc4 21.Qxc4 Qe6 
22.Qxe6 fxe6 23.c4 Rad8 24.Bh4 Bf6 25.Bxf6 Rxd1 26.Rxd1 Rxf6 27.Kf1 Rf7 
28.Rd6 Re7 29.Ke2 Kf7 30.Kd3 Rb7 31.Ke4 Kf6 32.a4 Rf7 33.f4 gxf3 34.gxf3 
Ke7 35.Rd2 Rg7 36.f4 Kf6 37.a5 bxa5 38.Ra2 a4 39.Rxa4 Rg2 40.Rxa7 Rxh2 41.
Rc7 Rh5 42.Kf3 Rh3+ 43.Ke4 Rh5 44.Kf3 Rh3+ 45.Kf2 Rh5 46.Kg3 Kg6 47.e4 Rh1
48.Rxc5 Re1 49.Kf3 h5 50.Rg5+ Kf6 51.Rxh5 Rc1 52.Rc5 Rf1+ 53.Ke3 Re1+ 54.
Kd3 Rf1 55.f5 exf5 56.Rxf5+ Rxf5 57.exf5 Kxf5 58.Kd4 Ke6 59.Kc5 Kd7 60.Kb6
Kc8 61.c5 Kb8 62.c6 Ka8 63.Kc7 1-0

[Event "Malmo Open 2014"]
[Site "Malmo"]
[Date "2014.12.13"]
[Round "4.5"]
[White "Kantans, Toms"]
[Black "Drugge, Patrik"]
[Result "1-0"]
[WhiteElo "2447"]
[BlackElo "2193"]

1.e4 e5 2.Nf3 Qe7 3.Nc3 c6 4.d4 d6 5.h3 Nf6 6.Be3 b5 7.a3 Bb7 8.d5 a6 9.
dxc6 Bxc6 10.Bd3 Qb7 11.Nd2 d5 12.exd5 Nxd5 13.Nxd5 Bxd5 14.Qh5 Nd7 15.f3 
g6 16.Qh4 Bg7 17.Qb4 Bf8 18.Qa5 Bc5 19.Ne4 Qb6 20.Qxb6 Bxb6 21.Nf6+ Nxf6 
22.Bxb6 O-O 23.O-O Rac8 24.Rfe1 Rfe8 25.c3 e4 26.fxe4 Nxe4 27.a4 Re6 28.
Bd4 bxa4 29.Rxa4 Nxc3 30.Rxe6 Nxa4 31.Rd6 Bb7 32.b4 Nc3 33.Rb6 Rd8 34.Be5 
Rxd3 35.Rxb7 f6 36.Bxf6 Nd5 37.Be5 Re3 38.Bd6 Rb3 39.Kf2 h5 40.h4 a5 41.
Rb8+ Kf7 42.bxa5 Rd3 43.a6 Rd2+ 44.Kf3 Ra2 45.Ra8 Ke6 46.Bc5 Nc7 47.Rg8 
Kf7 48.Rf8+ Kg7 49.Rc8 Nxa6 50.Bd4+ Kf7 51.Rc6 Nb4 52.Rf6+ Ke7 53.Rxg6 
Ra3+ 54.Ke4 Kd7 55.Bc5 Ra4 56.Kf5 Nc6 57.Rg7+ Ke8 58.Ke6 Rxh4 59.Rg8# 1-0

[Event "Malmo Open 2014"]
[Site "Malmo"]
[Date "2014.12.13"]
[Round "4.6"]
[White "Sjodahl, Pontus"]
[Black "Franzen, Per-Erik"]
[Result "1-0"]
[WhiteElo "2421"]
[BlackElo "2019"]

1.d4 Nf6 2.c4 e6 3.Nc3 Bb4 4.e3 c5 5.Ne2 b6 6.a3 Ba5 7.Rb1 Qe7 8.Bd2 O-O 
9.b4 cxb4 10.axb4 Bxb4 11.Rxb4 Qxb4 12.Nd5 Nxd5 13.Bxb4 Nxb4 14.Nc3 Bb7 
15.Qb3 N4c6 16.Nb5 Na5 17.Qa3 Nbc6 18.Nd6 Ba6 19.Bd3 Nb7 20.Nxf7 Nb4 21.
Qxb4 Rxf7 22.Qb1 g6 23.Ke2 Na5 24.Rc1 Rc8 25.c5 Bxd3+ 26.Qxd3 d6 27.Rc3 
Rfc7 28.Qe4 dxc5 29.Qxe6+ Kg7 30.dxc5 bxc5 31.Qa2 Nb7 32.Qxa7 Nd6 33.Qa1 
Kh6 34.Qd1 Ne4 35.Rc4 Nf6 36.Qd6 Rc6 37.Qe7 Re8 38.Qf7 Ra8 39.Rh4+ Nh5 40.
g4 Kg5 41.Rxh5+ 1-0

[Event "Malmo Open 2014"]
[Site "Malmo"]
[Date "2014.12.13"]
[Round "4.7"]
[White "Jepson, Christian"]
[Black "Tomaz, Tainan Pantano"]
[Result "0-1"]
[WhiteElo "2416"]
[BlackElo "1907"]

1.d4 f5 2.c4 Nf6 3.Nc3 e6 4.Nf3 Be7 5.g3 d6 6.Bg2 O-O 7.b4 a5 8.b5 Qe8 9.
Ba3 Nbd7 10.Qc2 Qg6 11.e3 Re8 12.h3 Rb8 13.O-O-O Nb6 14.Nd2 d5 15.Bxe7 
Rxe7 16.c5 Nbd7 17.g4 fxg4 18.Qxg6 hxg6 19.Rdg1 c6 20.Bf1 e5 21.hxg4 exd4 
22.exd4 Re1+ 23.Kc2 Nf8 24.Be2 Rxg1 25.Rxg1 Ne6 26.Nb3 Nf4 27.Bd1 g5 28.f3
cxb5 29.Nxb5 a4 30.Nc1 Bd7 31.Nc3 b6 32.N1e2 Nxe2 33.Bxe2 bxc5 34.dxc5 Rc8
35.Kd3 Rxc5 36.Kd4 Rc8 37.Rb1 Kf7 38.Rb7 Ke6 39.Bd3 Kd6 40.Ra7 Rf8 41.Nxa4
Nxg4 42.Rxd7+ Kxd7 43.fxg4 Kd6 44.Nb2 Rf4+ 45.Ke3 Rxg4 46.Be2 Re4+ 47.Kf2 
Rb4 48.Nd1 d4 49.Bd3 Ke5 50.Kf3 Ra4 51.Bb1 Ra3+ 52.Kg4 d3 53.Kf3 Kd4 54.
Nf2 g4+ 55.Nxg4 d2+ 56.Ke2 Kc3 57.Ne3 Ra7 58.Nd1+ Kd4 59.Kxd2 g5 60.Bc2 
Re7 61.Nf2 Ra7 62.Bb3 Rd7 63.Ba4 Rd8 64.Ke2 Ke5 65.Kf3 Rf8+ 66.Kg3 Kd4 67.
Bb3 Kc3 68.Nh3 0-1

[Event "Malmo Open 2014"]
[Site "Malmo"]
[Date "2014.12.13"]
[Round "4.9"]
[White "Iwanow, Anna"]
[Black "Westerberg, Jonathan"]
[Result "1/2-1/2"]
[WhiteElo "2290"]
[BlackElo "2411"]

1.e4 d5 2.exd5 Qxd5 3.Nc3 Qd6 4.d4 Nf6 5.Nf3 a6 6.g3 Bg4 7.Bg2 Nc6 8.O-O 
O-O-O 9.d5 Ne5 10.Bf4 Bxf3 11.Bxf3 Nxf3+ 12.Qxf3 e5 13.dxe6 Qxe6 14.Bg5 
Rd6 15.Rfe1 Qd7 16.Rad1 Rxd1 17.Rxd1 Qe6 18.Bxf6 gxf6 19.Nd5 Bd6 20.Nxf6 
Kb8 21.b3 Ka8 22.c4 h5 23.h4 Be5 24.Ne4 Qe7 25.Qf5 f6 26.c5 Rd8 27.Rxd8+ 
Qxd8 28.Qxh5 Qd7 29.Qe2 f5 30.Nd2 Bd4 31.b4 Bc3 32.Nf3 Bxb4 33.Ne5 Qd5 34.
c6 Ka7 35.h5 Bc3 36.f4 Bd4+ 37.Kh2 Qc5 38.cxb7 Kxb7 39.h6 Qc1 40.Qg2+ c6 
41.Nf7 Qd1 42.Nd8+ Kc8 43.Nxc6 1/2-1/2

[Event "Malmo Open 2014"]
[Site "Malmo"]
[Date "2014.12.13"]
[Round "4.10"]
[White "Krantz, Christopher"]
[Black "Lindberg, Bengt"]
[Result "0-1"]
[WhiteElo "2255"]
[BlackElo "2386"]

1.Nf3 Nf6 2.c4 e6 3.Nc3 Bb4 4.Qc2 O-O 5.a3 Bxc3 6.Qxc3 d6 7.e3 a5 8.b3 b6 
9.Be2 Bb7 10.Bb2 Nbd7 11.O-O Qe7 12.d3 c5 13.Rad1 e5 14.Rfe1 h6 15.Qc2 Nh7
16.Nd2 Ng5 17.Bf1 Nh3+ 0-1

[Event "MSF Open 2014"]
[Site "Malmo"]
[Date "2014.12.13"]
[Round "4.11"]
[White "Jonsson, Jacob"]
[Black "Karlsson, Viktor"]
[Result "1-0"]
[WhiteElo "1444"]
[BlackElo "1400"]

1.d4 d5 2.c4 c6 3.e3 Nf6 4.Nc3 a6 5.a4 e6 6.Nf3 Bb4 7.Bd2 O-O 8.Bd3 Re8 9.
Qc2 h6 10.O-O Nbd7 11.Rfd1 c5 12.cxd5 exd5 13.dxc5 Bxc5 14.Ne2 Ba7 15.Bc3 
Nc5 16.Nf4 Nxd3 17.Qxd3 Be6 18.Rac1 Rb8 19.Nd4 Ne4 20.Ndxe6 fxe6 21.Be5 
Rc8 22.Rxc8 Qxc8 23.f3 Ng5 24.Qg6 Bxe3+ 25.Kh1 Re7 26.Nh5 Qe8 27.Nf6+ Kf8 
28.Nxe8 Rxe8 1-0

[Event "MSF Open 2014"]
[Site "Malmo"]
[Date "2014.12.13"]
[Round "4.12"]
[White "Carlsson, Mats"]
[Black "Lotinac, Seid"]
[Result "0-1"]
[WhiteElo "1475"]
[BlackElo "1423"]

1.d4 d5 2.Nf3 Nf6 3.Bf4 Bf5 4.e3 Nc6 5.c3 e6 6.Bb5 Bd6 7.Ne5 Bxe5 8.dxe5 
Nd7 9.Bxc6 bxc6 10.O-O O-O 11.Nd2 Rb8 12.b3 h6 13.f3 f6 14.exf6 Nxf6 15.
Be5 c5 16.f4 Nd7 17.Nf3 Bg4 18.h3 Nxe5 19.fxe5 Bf5 20.Qe2 Be4 21.c4 c6 22.
Rad1 Qc7 23.Qb2 Qe7 24.Nd2 Bd3 25.Rxf8+ Rxf8 26.Nf3 Be4 27.Rf1 Rf5 28.Qe2 
Bxf3 29.Rxf3 Rxe5 30.Qb2 Re4 31.Qc2 Re5 32.Qc3 Rg5 33.Qc2 e5 34.h4 Rg4 35.
Qf5 Rxh4 36.Qc8+ Kh7 37.Rf8 Qg5 38.Rh8+ Kg6 39.Qe8+ Kf5 40.Qf7+ Ke4 41.
Qf3+ Kd3 42.Kf2 Qf6 43.Rf8 Qxf3+ 44.Rxf3 dxc4 45.bxc4 Rxc4 46.Rf7 Rc2+ 47.
Kf3 e4+ 48.Kf4 Rf2+ 0-1

[Event "Malmo Open 2014"]
[Site "Malmo"]
[Date "2014.12.13"]
[Round "5.1"]
[White "Hillarp Persson, Tiger"]
[Black "Kantans, Toms"]
[Result "1-0"]
[WhiteElo "2544"]
[BlackElo "2447"]

1.d4 Nf6 2.c4 c5 3.d5 e6 4.Nc3 exd5 5.cxd5 d6 6.e4 g6 7.Nge2 Bg7 8.Ng3 O-O
9.Be2 h5 10.Bg5 Nbd7 11.O-O a6 12.f4 Re8 13.e5 dxe5 14.f5 Qb6 15.fxg6 fxg6
16.d6 Qxb2 17.Nd5 Rf8 18.Ne7+ Kh7 19.Nxg6 Kxg6 20.Bd3+ Kf7 21.Qxh5+ Ke6 
22.Nf5 b5 23.Nxg7+ Kxd6 24.Qd1 Qd4+ 25.Kh1 Nb6 26.Rxf6+ Rxf6 27.Ne8+ Ke6 
28.Nxf6 Bb7 29.Qf1 e4 30.Be2 Rh8 31.Bg4+ Kf7 32.Nd5+ 1-0

[Event "Malmo Open 2014"]
[Site "Malmo"]
[Date "2014.12.13"]
[Round "5.2"]
[White "Blomqvist, Erik"]
[Black "Sjodahl, Pontus"]
[Result "0-1"]
[WhiteElo "2525"]
[BlackElo "2421"]

1.Nf3 d5 2.g3 Nf6 3.Bg2 c6 4.c4 g6 5.b3 Bg7 6.Bb2 O-O 7.O-O Re8 8.d3 Nbd7 
9.Nc3 e5 10.cxd5 cxd5 11.Rc1 a6 12.Nd2 Nb6 13.Rc2 Bg4 14.Re1 Rc8 15.h3 Bd7
16.e4 Bc6 17.Qb1 h5 18.a4 a5 19.f4 dxe4 20.dxe4 h4 21.Nf3 Nbd7 22.fxe5 Nh5
23.g4 Nf4 24.Nd5 Nd3 25.Rd1 Nxb2 26.Qxb2 Nxe5 27.Nd4 Bxd5 28.Rxc8 Qxc8 29.
exd5 Nxg4 30.hxg4 Qxg4 0-1

[Event "Malmo Open 2014"]
[Site "Malmo"]
[Date "2014.12.13"]
[Round "5.3"]
[White "Tomaz, Tainan Pantano"]
[Black "Smith, Axel"]
[Result "0-1"]
[WhiteElo "1907"]
[BlackElo "2479"]

1.d4 e6 2.Nf3 Nf6 3.Bg5 c5 4.e3 Nc6 5.c3 h6 6.Bh4 cxd4 7.exd4 Be7 8.Bd3 b6
9.Nbd2 Bb7 10.Qe2 Nh5 11.Bg3 Rc8 12.O-O O-O 13.Nc4 Nxg3 14.fxg3 Ba6 15.
Rae1 Qc7 16.Nce5 Bxd3 17.Qxd3 Nxe5 18.Nxe5 d6 19.Ng4 Qc4 20.Qxc4 Rxc4 21.
Ne3 Ra4 22.a3 Bg5 23.Nc2 d5 24.Nb4 a5 25.Nc6 Rc4 26.Ne5 Rc7 27.Rf3 Be7 28.
Ref1 Bd6 29.Nd3 b5 30.Ra1 Rb8 31.Kf1 b4 32.axb4 axb4 33.Ra6 Be7 34.Ne5 Bf6
35.Nc6 bxc3 36.Nxb8 c2 37.Ra1 c1=Q+ 38.Rxc1 Rxc1+ 39.Ke2 Rc2+ 40.Kd3 Rxb2 
41.Nc6 Rxg2 42.h3 Ra2 0-1

[Event "Malmo Open 2014"]
[Site "Malmo"]
[Date "2014.12.13"]
[Round "5.4"]
[White "Tikkanen, Hans"]
[Black "Livner, Anders"]
[Result "0-1"]
[WhiteElo "2551"]
[BlackElo "2320"]

1.Nf3 c5 2.e3 Nf6 3.d4 d5 4.c4 cxd4 5.exd4 e6 6.Nc3 Bb4 7.a3 Bxc3+ 8.bxc3 
O-O 9.cxd5 exd5 10.Be2 Ne4 11.Bb2 Qb6 12.Rb1 Bf5 13.Ba1 Qa5 14.Rxb7 Nc6 
15.Rb3 Rab8 16.O-O Rxb3 17.Qxb3 Rb8 18.Qa2 Be6 19.Bd3 h6 20.a4 Bg4 21.Bxe4
dxe4 22.Nd2 Re8 23.Qc2 Be2 24.Re1 Bd3 25.Qd1 Re6 26.c4 Qg5 27.Re3 Ne7 28.
Rg3 Qf4 29.Rg4 Qf5 30.d5 Rg6 31.h3 h5 32.Rxg6 Nxg6 33.Qe1 Qg5 34.Qe3 Nf4 
35.g3 Nxh3+ 36.Kg2 Qf5 37.d6 Ng5 38.d7 Ne6 39.Qd4 Qa5 40.Qe5 Qd8 41.Qd6 h4
42.c5 Qg5 43.Qe5 Qd8 44.c6 hxg3 45.fxg3 Bc2 46.Nxe4 Bxa4 47.c7 Qxd7 48.Qd6
Qxd6 49.c8=Q+ Qf8 50.Qc4 Bd7 51.Bb2 Qa8 52.Kf2 Qc6 53.Qd3 Qb5 54.Qc3 Qb6+ 
55.Ke1 Qg1+ 56.Ke2 0-1

[Event "Malmo Open 2014"]
[Site "Malmo"]
[Date "2014.12.13"]
[Round "5.5"]
[White "Lindberg, Bengt"]
[Black "Ahlander, Bjorn"]
[Result "1-0"]
[WhiteElo "2386"]
[BlackElo "2411"]

1.e4 e5 2.Nf3 Nc6 3.Bb5 a6 4.Ba4 Nf6 5.O-O Be7 6.Re1 b5 7.Bb3 O-O 8.c3 d6 
9.h3 Bb7 10.d4 Na5 11.Bc2 Nc4 12.b3 Nb6 13.Nbd2 Re8 14.a4 bxa4 15.bxa4 a5 
16.Bb3 Nfd7 17.Nf1 Bf6 18.Ng3 g6 19.Bh6 c5 20.Rb1 cxd4 21.cxd4 d5 22.dxe5 
Nxe5 23.exd5 Bxd5 24.Ne4 Bxe4 25.Rxe4 Qxd1+ 26.Bxd1 Nec4 27.Rxe8+ Rxe8 28.
Bb3 Bg7 29.Bf4 h6 30.Rc1 Re4 31.Bc7 Bf6 32.Kf1 Kg7 33.Re1 Rxe1+ 34.Kxe1 
Kf8 35.Ke2 Nd5 36.Bb8 Ndb6 37.Nd2 Nxd2 38.Kxd2 Bd4 39.Bd6+ Ke8 40.f3 Nd7 
41.Kd3 Bc5 42.Bf4 g5 43.Bd2 Bb6 44.Kc4 Nc5 45.Bc2 Ne6 46.Bd3 Kd7 47.Bf5 
Kc6 48.Bxe6 fxe6 49.g4 Bd8 50.Bc3 Kd6 51.Bg7 Ke7 52.Be5 Kd7 53.Kb5 Ke7 54.
Kc6 Kf7 55.Bd6 e5 56.Kd5 Bb6 57.Bxe5 Be3 58.Bc3 Bb6 59.Ke5 Bc7+ 60.Kf5 Bb6
61.Bd2 Bc7 62.f4 gxf4 63.Bxf4 Bxf4 64.Kxf4 Kg6 65.h4 Kf6 66.Ke4 Ke6 67.g5 
hxg5 68.hxg5 Kf7 69.Kd5 Kg6 70.Kc5 Kxg5 71.Kb5 Kf5 72.Kxa5 Ke6 73.Kb6 Kd7 
74.Kb7 Kd6 75.a5 Kc5 76.a6 Kd6 77.a7 Kd7 78.a8=Q Ke7 79.Qa6 Kd7 80.Qc6+ 
Ke7 81.Kc7 Kf7 82.Kd7 Kg7 83.Ke7 Kh7 84.Kf7 Kh8 85.Qh6# 1-0

[Event "Malmo Open 2014"]
[Site "Malmo"]
[Date "2014.12.13"]
[Round "5.7"]
[White "Logdahl, Harald"]
[Black "Semcesen, Daniel"]
[Result "0-1"]
[WhiteElo "2233"]
[BlackElo "2471"]

1.e4 e5 2.Nc3 Nf6 3.g3 Bc5 4.Bg2 a6 5.d3 Nc6 6.Nf3 d6 7.h3 h6 8.O-O Be6 9.
Be3 Qd7 10.Kh2 O-O 11.Nh4 Rad8 12.Qd2 Nh7 13.a3 Bd4 14.Nd5 Bxd5 15.exd5 
Bxe3 16.fxe3 Ne7 17.e4 c6 18.c4 cxd5 19.cxd5 Rc8 20.Nf5 Nxf5 21.Rxf5 Rc5 
22.Raf1 Qa4 23.R5f2 Qd4 24.h4 Rb5 25.Rc1 Rb3 26.Rc3 Rxc3 27.bxc3 Qc5 28.
Qb2 Nf6 29.Bh3 b5 30.Kg2 Rd8 31.Qc1 Nh7 32.Qb2 Nf8 33.Qb4 Qc7 34.a4 Rb8 
35.axb5 Rxb5 36.Qa3 Qb6 37.c4 Rb4 38.c5 dxc5 39.Qc3 Rd4 40.Rb2 Qc7 41.Rc2 
g6 42.Qxc5 Qxc5 43.Rxc5 Rxd3 44.Kf2 Nh7 45.Bf1 Rd4 46.Ke3 Nf6 47.Bd3 Kg7 
48.Ra5 Ng4+ 49.Ke2 f5 50.exf5 e4 51.f6+ Nxf6 52.Bxa6 Nxd5 53.Bb7 Nc3+ 54.
Ke1 Rd1+ 55.Kf2 Rd2+ 56.Ke1 Rd3 57.Re5 Kf6 58.Re8 Rxg3 59.Bxe4 Re3+ 60.Kd2
Rxe4 0-1

[Event "Malmo Open 2014"]
[Site "Malmo"]
[Date "2014.12.13"]
[Round "5.8"]
[White "Akesson, Ralf"]
[Black "Alle, Ambjorn"]
[Result "1/2-1/2"]
[WhiteElo "2457"]
[BlackElo "2232"]

1.d4 d5 2.Nf3 Nf6 3.c4 dxc4 4.e3 b5 5.a4 b4 6.Bxc4 e6 7.O-O Bb7 8.b3 Be7 
9.Bb2 O-O 10.Nbd2 Nbd7 11.Qe2 c5 12.Rac1 Rc8 13.Ba6 Qb6 14.Bxb7 Qxb7 15.
Nc4 Qa6 16.Rfd1 Rfd8 17.Kf1 Ne4 18.d5 Bf6 19.dxe6 Qxe6 20.Rd3 Bxb2 21.Qxb2
Nc3 22.Qd2 Ne4 23.Qc2 Nc3 24.Qd2 Ne4 25.Qc2 Nc3 26.Qd2 1/2-1/2

[Event "Malmo Open 2014"]
[Site "Malmo"]
[Date "2014.12.13"]
[Round "5.9"]
[White "Drugge, Patrik"]
[Black "Jepson, Christian"]
[Result "1/2-1/2"]
[WhiteElo "2193"]
[BlackElo "2416"]

1.e4 e5 2.Nf3 Nc6 3.Bc4 Nf6 4.d4 exd4 5.Ng5 Ne5 6.Bb3 h6 7.f4 hxg5 8.fxe5 
Nxe4 9.Bd5 Nc5 10.Qxd4 Ne6 11.O-O Qe7 12.Qf2 c6 13.Bxe6 Qxe6 14.Bxg5 b6 
15.Nc3 Bc5 16.Be3 Bxe3 17.Qxe3 d5 18.Qf4 Ba6 19.Rf3 O-O-O 20.Re1 Rd7 21.
Ne2 Bxe2 22.Rxe2 Rh5 23.h3 Re7 24.g4 Rh8 25.Kg2 Rhe8 26.Ref2 c5 1/2-1/2

[Event "Malmo Open 2014"]
[Site "Malmo"]
[Date "2014.12.13"]
[Round "5.10"]
[White "Westerberg, Jonathan"]
[Black "Nilsson, Patrik 1978"]
[Result "1-0"]
[WhiteElo "2411"]
[BlackElo "2191"]

1.e4 e6 2.d4 d5 3.Nc3 Nf6 4.Bg5 Be7 5.e5 Nfd7 6.Bxe7 Qxe7 7.f4 O-O 8.Nf3 
c5 9.dxc5 Nc6 10.Bd3 f6 11.exf6 Qxf6 12.g3 Nxc5 13.O-O Bd7 14.Qd2 Nxd3 15.
cxd3 e5 16.fxe5 Nxe5 17.Nxe5 Qxe5 18.d4 Qh5 19.Rxf8+ Rxf8 20.Qg2 Rf3 21.
Rf1 Bg4 22.Rxf3 Bxf3 23.Qf2 Qf5 24.Qe3 h6 25.h3 h5 26.h4 a6 27.Kf2 Bg4+ 
28.Ke1 Kf7 29.Qf2 Ke6 30.Qxf5+ Bxf5 31.Ke2 b5 32.Ke3 Bc2 33.a3 g6 34.Kf4 
Bd3 35.Kg5 a5 36.Nd1 b4 37.axb4 axb4 38.Ne3 Kd6 39.Ng2 Kc6 40.Nf4 Bc2 41.
Nxg6 Kb5 42.Kxh5 Kc4 43.Kg5 1-0

[Event "MSF Open 2014"]
[Site "Malmo"]
[Date "2014.12.13"]
[Round "5.11"]
[White "Lotinac, Seid"]
[Black "Jonsson, Jacob"]
[Result "0-1"]
[WhiteElo "1423"]
[BlackElo "1444"]

1.e4 c5 2.Nc3 Nc6 3.g3 g6 4.Bg2 Bg7 5.d3 d6 6.Be3 Nf6 7.Qd2 Ng4 8.Rb1 Nxe3
9.Qxe3 Be6 10.Nge2 Nb4 11.Qd2 Nxa2 12.O-O Nxc3 13.Nxc3 O-O 14.Ne2 Bd7 15.
b3 Bc6 16.c4 b6 17.d4 cxd4 18.Nxd4 Bb7 19.Nc2 Qd7 20.Rfe1 Rfd8 21.Rbd1 Qc7
22.Ne3 e6 23.Qc2 a5 24.f4 Bc6 25.f5 a4 26.b4 a3 27.Qa2 Qb7 28.fxg6 hxg6 
29.Nc2 Ba4 30.e5 d5 31.Rd2 Qc7 32.Nxa3 Bc6 33.Qb2 dxc4 34.Rxd8+ Rxd8 35.
Qc3 Bxg2 36.Kxg2 Rd3 37.Qxc4 Qb7+ 38.Kh3 Rxa3 39.Qb5 Ra8 40.Rd1 Qf3 41.Rd2
Qh5+ 42.Kg2 Qxe5 43.Qc6 Rb8 44.b5 Bh6 45.Rd7 Qe2+ 46.Kh3 Qf1+ 47.Kh4 g5+ 
48.Kg4 Qf5+ 49.Kh5 Qh3# 0-1

[Event "MSF Open 2014"]
[Site "Malmo"]
[Date "2014.12.13"]
[Round "5.12"]
[White "Rosinski, Hugo"]
[Black "Hallbeck, Johan"]
[Result "0-1"]
[WhiteElo "1427"]
[BlackElo "1475"]

1.e4 c5 2.Nf3 d6 3.d4 cxd4 4.Nxd4 Nf6 5.Nc3 e5 6.Ndb5 a6 7.Na3 b5 8.Nd5 
Nxe4 9.Qf3 Nc5 10.Nf6+ gxf6 11.Qxa8 Bb7 12.Qa7 Nc6 0-1

[Event "Malmo Open 2014"]
[Site "Malmo"]
[Date "2014.12.14"]
[Round "6.1"]
[White "Sjodahl, Pontus"]
[Black "Hillarp Persson, Tiger"]
[Result "1-0"]
[WhiteElo "2421"]
[BlackElo "2544"]

1.d4 d6 2.e4 Nf6 3.f3 c5 4.dxc5 Qa5+ 5.Nc3 Qxc5 6.Qd3 Nc6 7.Be3 Qa5 8.Qb5 
Qc7 9.Nd5 Qb8 10.O-O-O Nd7 11.Ne2 e6 12.Nb4 Qc7 13.Qc4 d5 14.Nxd5 exd5 15.
exd5 Nde5 16.Qc3 Bb4 17.Qb3 a5 18.dxc6 bxc6 19.a3 Be6 20.Qa4 O-O 21.Nf4 
Bc4 22.axb4 Rfb8 23.b5 cxb5 24.Qa3 b4 25.Qa4 b3 26.Bxc4 Rb4 27.Bxb3 Rxa4 
28.Bxa4 Nc4 29.Nd5 Qe5 30.c3 Nxe3 31.Rhe1 Qxh2 32.Rxe3 Qxg2 33.Bc6 Rb8 34.
Rd2 Qg1+ 35.Kc2 Qa1 36.Bb5 h5 37.c4 Qg1 38.Ne7+ Kh8 39.Re5 g6 40.Nc6 Ra8 
41.Re7 Kg8 42.Ne5 Rf8 43.Rdd7 Qf2+ 44.Kb3 Qc5 45.Nxg6 a4+ 46.Ka2 Rb8 47.
Rxf7 Rxb5 48.Rg7# 1-0

[Event "Malmo Open 2014"]
[Site "Malmo"]
[Date "2014.12.14"]
[Round "6.2"]
[White "Smith, Axel"]
[Black "Lindberg, Bengt"]
[Result "1-0"]
[WhiteElo "2479"]
[BlackElo "2386"]

1.Nf3 Nf6 2.c4 e6 3.g3 d5 4.Bg2 Be7 5.O-O O-O 6.b3 c5 7.Bb2 Nc6 8.e3 d4 9.
exd4 cxd4 10.Re1 Ne8 11.Ne5 Nxe5 12.Rxe5 f6 13.Re1 e5 14.f4 Bd6 15.Qf3 Qc7
16.Na3 a6 17.c5 Qxc5 18.Rac1 Qa7 19.Qd5+ Kh8 20.Nc4 Bb4 21.fxe5 Nc7 22.Qf3
fxe5 23.Qe4 Ne6 24.Qxe5 Bd7 25.a3 Bc3 26.Bxc3 dxc3+ 27.Qe3 cxd2 28.Nxd2 
Nd4 29.Rc4 Rfe8 30.Ne4 Nxb3 31.Qxa7 Rxa7 32.Rc7 Bc6 33.Rd1 Raa8 34.Nd6 Rf8
35.Bxc6 bxc6 36.Re1 Nd4 37.Ree7 Rab8 38.Nf7+ Rxf7 39.Rxf7 Ne6 40.Rb7 Rd8 
41.Rfe7 Nc5 42.Rbc7 h6 43.Rxg7 Ne6 44.Rh7+ Kg8 45.Rcd7 Rf8 46.Rxh6 Ng5 47.
Rg6+ 1-0

[Event "Malmo Open 2014"]
[Site "Malmo"]
[Date "2014.12.14"]
[Round "6.3"]
[White "Livner, Anders"]
[Black "Blomqvist, Erik"]
[Result "1/2-1/2"]
[WhiteElo "2320"]
[BlackElo "2525"]

1.d4 d5 2.c4 c6 3.Nf3 Nf6 4.e3 Bf5 5.Nc3 e6 6.Nh4 Bg6 7.Nxg6 hxg6 8.Bd2 
Nbd7 9.Rc1 Bd6 10.g3 Bc7 11.cxd5 exd5 12.Qc2 O-O 13.Bg2 Re8 14.Nxd5 Nxd5 
15.Bxd5 Nf6 16.Bg2 Qxd4 17.O-O Qe5 18.Bc3 Qe6 19.Bxf6 gxf6 20.a3 a5 21.
Rfd1 Red8 22.Rxd8+ Rxd8 23.Rd1 Rxd1+ 24.Qxd1 Kg7 25.Qc2 Qa2 26.Qc3 a4 27.
Qc2 Bd6 28.Be4 Bxa3 29.bxa3 Qxa3 30.Qc4 Qa1+ 31.Kg2 a3 32.Qb3 a2 33.Bc2 c5
34.h4 b5 35.h5 gxh5 36.Qd5 Qb2 37.Bb3 Qxb3 38.Qxb3 a1=Q 39.Qxb5 Qc3 40.Qe2
Qe5 41.Qc4 f5 42.Kg1 Kg6 43.Kf1 Kf6 44.Kg1 Qd6 45.Kf1 Qb6 46.Qc3+ Ke6 47.
Qc4+ Ke7 48.Qd5 Qb1+ 49.Ke2 Qc2+ 50.Ke1 f6 51.Qb7+ Kd6 52.Qb6+ Ke5 53.Qc7+
Ke4 54.Qc6+ Kd3 55.Qd5+ Kc3 1/2-1/2

[Event "Malmo Open 2014"]
[Site "Malmo"]
[Date "2014.12.14"]
[Round "6.4"]
[White "Semcesen, Daniel"]
[Black "Dragicevic, Drazen"]
[Result "1-0"]
[WhiteElo "2471"]
[BlackElo "2289"]

1.d4 Nf6 2.c4 g6 3.Nc3 d5 4.Nf3 Bg7 5.Qb3 dxc4 6.Qxc4 O-O 7.e4 Na6 8.Qa4 
c5 9.d5 Nc7 10.Bf4 Nh5 11.Be3 b6 12.Rd1 Qe8 13.Qb3 e5 14.Be2 Ba6 15.Bxa6 
Nxa6 16.O-O Qd7 17.Qb5 Qxb5 18.Nxb5 Nb4 19.a4 Nc2 20.Bg5 Bf6 21.Bd2 a6 22.
Nd6 Rfd8 23.Nc4 b5 24.Na5 Nd4 25.Nxd4 cxd4 26.Nc6 Re8 27.Ra1 Bg7 28.Rfc1 
f5 29.exf5 gxf5 30.d6 Nf6 31.axb5 axb5 32.Rxa8 Rxa8 33.Nxe5 Ne4 34.d7 Nd6 
35.Bb4 Nc4 36.Nc6 Bf6 37.Be7 Bxe7 38.Nxe7+ Kf7 39.Nc8 1-0

[Event "Malmo Open 2014"]
[Site "Malmo"]
[Date "2014.12.14"]
[Round "6.5"]
[White "Kantans, Toms"]
[Black "Lissang, Christopher"]
[Result "1-0"]
[WhiteElo "2447"]
[BlackElo "2273"]

1.c4 e6 2.g3 d5 3.Bg2 Nf6 4.Nf3 Be7 5.O-O O-O 6.b3 d4 7.e3 c5 8.exd4 cxd4 
9.d3 Nc6 10.Re1 Nd7 11.a3 a5 12.Nbd2 e5 13.Rb1 Qc7 14.Qc2 Kh8 15.g4 Nc5 
16.g5 Ne6 17.Ne4 f5 18.gxf6 gxf6 19.c5 f5 20.Nd6 Nxc5 21.Nxc8 Raxc8 22.b4 
axb4 23.axb4 Nxb4 24.Rxb4 Nxd3 25.Qxd3 Bxb4 26.Bd2 Bxd2 27.Qxd2 Rfe8 28.
Qg5 e4 29.Nxd4 Qe5 30.Ne2 Rg8 31.Qe3 Rc6 32.Kh1 Rcg6 33.Bh3 Qf6 34.Rb1 Ra8
35.Nd4 f4 36.Qxe4 Rh6 37.Bf1 Rg8 38.Nf3 Qf7 39.Bc4 Re8 40.Qd4+ Qf6 41.Qd7 
Rd8 42.Qxb7 Qc6 43.Qb3 Rf6 44.Rg1 h6 45.Bb5 Qd6 46.Qc3 Rf8 47.Bf1 Rg8 48.
Bg2 Rf8 49.Nd2 Qe7 50.Ne4 Kh7 51.Nxf6+ Qxf6 52.Be4+ Kh8 53.Qxf6+ Rxf6 54.
Rg6 Rxg6 55.Bxg6 Kg7 56.Bc2 Kf6 57.Kg2 Ke5 58.Kf3 h5 59.Bg6 Kf6 60.Bxh5 
Kg5 61.Bg4 Kf6 62.h4 1-0